00859nam a2200241 a 450000500170000000800410001701000140005802000110007203500130008303700150009604000180011108200120012924500810014124600180022225000360024026000620027627000550033830000260039344000370041950001140045654600170057070000300058720090728101733.0830617r19681920ii b 001 0 san  aENG-94580 c380.00 aEN-78113 bDBAD / PUB adplbEnglish  a181.432 aThe Yoga Upaniṣad-s :ctranslated into english by T.R. Srinivasa Ayyangar  aYogopaniṣad arev. ed. by G. Srinivasa Murti  aChennai bAdyar Library and Research Centrec2008(repr.)  aThe Theosophicla Society, Adyar bChennai e600020 ax, 502 p. c22cm(Hb)  aThe Adyar Library series- No. 20 aTranslated into english on the basis of the commentary of Sri Upanisadbrahmayogin by T.R. Srinivasa Ayyangar  aIn Sanskrit. aAyyangar, T.R. Srinivasa